| 000 | 00391cam a2200145 a 4500 | ||
|---|---|---|---|
| 020 | _a0070003602 : | ||
| 040 | _cDLC | ||
| 082 | 0 | 0 | _a658 HIL 1992 A046 Or. |
| 100 | 1 | _aAdes, Leslie J. | |
| 245 | 1 | 0 |
_aManaging mavericks : _bthe art of sales management / |
| 260 |
_aNew York : _bMcGraw-Hill, _cc1992. |
||
| 300 |
_axvii, 222 p. : _bill. ; _c24 cm. |
||
| 650 | 0 | _aSales management. | |
| 942 | _cEK | ||
| 999 |
_c13623 _d13623 |
||